00696nam a2200241 a 450000100060000000300080000600500170001400800410003102000150007203500190008704000370010604100080014308200260015124500660017725000120024326000370025530000340029250400500032665000220037665000100039865000120040870000340042072672BD-RjUL20211209082309.0170522s1971 paua b 001 0 eng d a0721626467 a(BD-RjUL)72890 aDLCcDLCdOCLdEQOdBD-RjULbeng aeng 223a616.969bMAN 197100aManual of clinical mycology /cNorman F. Conant ... [et. al.] a3rd ed. aPhiladelphia :bSaunders,c1971. ax, 755 p. :billus. ;c19 cm. aIncludes bibliographical references and index 0aMedical mycology. 2aFungi 2aMycoses1 aConant, Norman Francisd1908-